80s Movies - Sudden Death - Statistics

General Stats
  • This quiz has been taken 923 times
  • The average score is 5 of 20
Answers on the Grid
Answers color-coded by a green-red scale on the quiz's grid according to % correct below.
ET: the Extra-Terrestrial
Raiders of the Lost Ark
Dirty Harry
Ghostbusters
Alien
The Goonies
Willow
The Shining
Total Recall
Jaws
Legend
Blade Runner
Goodfellas
Big Trouble in Little China
Mad Max 2: The Road Warrior
The Rocky Horror Picture Show
The Matrix
Back to the Future Part 2
Tron
Interview with the Vampire
Die Hard
The Princess Bride
The Godfather: Part 2
The Karate Kid
Platoon
They Live
Braveheart
Three Amigos
Highlander
Star Wars: The Empire Strikes Back
 
Answer Stats
Answer % Correct
ET: the Extra-Terrestrial
85%
Ghostbusters
71%
Raiders of the Lost Ark
66%
The Goonies
50%
The Shining
30%
Back to the Future Part 2
26%
Blade Runner
23%
The Karate Kid
23%
Die Hard
22%
Star Wars: The Empire Strikes Back
21%
Willow
19%
The Princess Bride
18%
Platoon
15%
Big Trouble in Little China
14%
Mad Max 2: The Road Warrior
12%
Three Amigos
11%
Tron
11%
Highlander
10%
Legend
10%
They Live
8%
No matching quizzes found
Score Distribution
Percent of People with Each Score
Percentile by Number Answered
Your Score History
You have not taken this quiz